00305 2200145 4500245002700000020001800027250001100045100001600056650001000072005001900082260002700101041001400128084000800142336000900150 aMomcMia MarifahhText a9789790664036 aCet. 1 aMia Marifah aNovel a20240903074513 bPT Mizan Pustakac2010 aIndonesia a813 atext